书目信息 |
| 题名: |
小学教育学
|
|
| 作者: | 董建春 , 王德才 主编 ;王梦 编写 | |
| 分册: | ||
| 出版信息: | 南京 南京大学出版社 2021.1 |
|
| 页数: | 208页 | |
| 开本: | 26cm | |
| 丛书名: | ||
| 单 册: | ||
| 中图分类: | G620 | |
| 科图分类: | ||
| 主题词: | 小学教育--教育学--高等教育--教材 | |
| 电子资源: | ||
| ISBN: | 978-7-305-24241-0 | |
| 000 | 00956nam0 2200265 45 | |
| 001 | 012001003023 | |
| 005 | 20140824095459.0 | |
| 010 | @a978-7-305-24241-0@dCNY39.00 | |
| 100 | @a20210329d2021 em y0chiy0110 ea | |
| 101 | 0 | @achi |
| 102 | @aCN@b320000 | |
| 105 | @ay z 000yy | |
| 106 | @ar | |
| 200 | 1 | @a小学教育学@Axiao xue jiao yu xue@f董建春, 王德才主编@g王梦[等]编写 |
| 210 | @a南京@c南京大学出版社@d2021.1 | |
| 215 | @a208页@d26cm | |
| 300 | @a河南省“十四五”普通高等教育规划教材 小学全科教师培养系列教材/陈冬花等总主编 | |
| 330 | @a本书分八章,内容包括:绪论;小学教育概述;教育目的与学校教育制度;小学教育功能;小学教师;小学生的特点与教育;小学教育活动;小学教育改革与发展。 | |
| 606 | 0 | @a小学教育@x教育学@x高等教育@j教材 |
| 690 | @aG620@v5 | |
| 701 | 0 | @a董建春@Adong jian chun@4主编 |
| 701 | 0 | @a王德才@Awang de cai@4主编 |
| 702 | 0 | @a王梦@Awang meng@4编写 |
| 801 | @aCN@bAHXH@c20210922 | |
| 905 | @b1284954-8@dG620@e2121@f5 | |
| 小学教育学/董建春, 王德才主编/王梦[等]编写.-南京:南京大学出版社,2021.1 |
| 208页;26cm |
| 河南省“十四五”普通高等教育规划教材 小学全科教师培养系列教材/陈冬花等总主编 |
| ISBN 978-7-305-24241-0:CNY39.00 |
| 本书分八章,内容包括:绪论;小学教育概述;教育目的与学校教育制度;小学教育功能;小学教师;小学生的特点与教育;小学教育活动;小学教育改革与发展。 |
| ● |
| 相关链接 |
|
|
|
|
正题名:小学教育学
索取号:G620/2121
 
预约/预借
| 序号 | 登录号 | 条形码 | 馆藏地/架位号 | 状态 | 备注 |
| 1 | 1284954 | 212849541 | 第一样本阅览室/ [索取号:G620/2121] | 在馆 | |
| 2 | 1284955 | 212849550 | 教育系资料室/ [索取号:G620/2121] | 在馆 | |
| 3 | 1284956 | 212849569 | 教育系资料室/ [索取号:G620/2121] | 在馆 | |
| 4 | 1284957 | 212849578 | 第四借阅区/ [索取号:G620/2121] | 在馆 | |
| 5 | 1284958 | 212849587 | 第四借阅区/ [索取号:G620/2121] | 在馆 |